Tierra o muerte : land or death /

History of Tierra Amarilla land grant and the fight of the heirs to the Chama Valley of northern New Mexico for property rights and economic and cultural survival.

Bibliographic Details
Corporate Authors: KBDI-TV (Television station : Broomfield, Colo.), University of California (System). Extension Media Center
Format: Video VHS
Language:English
Published: Berkley, Calif. : University of California Extension, Center for Media and Independent Learning, [1991]
Subjects:

MARC

Tag First Indicator Second Indicator Subfields
LEADER 00000cgm a2200000Ia 4500
001 in00001525621
005 20151022051052.0
007 vf cbaho-
008 000413s1991 cau060 g vleng d
035 |a (OCoLC)29696787 
040 |a CLZ  |c CLZ  |d TXA  |d UtOrBLW 
049 |a TXAM 
090 |a E184.M5  |b T54 1991 
245 0 0 |a Tierra o muerte :  |b land or death /  |c a KBDI-TV production ; produced by Carolyn Hales ; written by Andy Armstrong and Carolyn Hales. 
246 3 0 |a Tierra o muerte: land or death 
264 1 |a Berkley, Calif. :  |b University of California Extension, Center for Media and Independent Learning,  |c [1991] 
264 4 |c ©1991 
300 |a 1 videocassette (60 min.) :  |b sound, color ;  |c 1/2 in. 
336 |a two-dimensional moving image  |b tdi  |2 rdacontent 
337 |a video  |b v  |2 rdamedia 
338 |a videocassette  |b vf  |2 rdacarrier 
538 |a VHS. 
508 |a Director of photography, Dale Green ; editors, Andy Armstrong and Carolyn Hales ; music, Paul Conly. 
511 1 |a Narrator, Luis Valdez. 
520 |a History of Tierra Amarilla land grant and the fight of the heirs to the Chama Valley of northern New Mexico for property rights and economic and cultural survival. 
500 |a "38249." 
500 |a Videorecording. 
650 0 |a Mexican Americans  |z New Mexico  |x History. 
650 0 |a Land grants  |z New Mexico. 
710 2 |a KBDI-TV (Television station : Broomfield, Colo.) 
710 2 |a University of California (System).  |b Extension Media Center. 
948 |a cataloged  |b h  |c 2000/5/24  |d c  |e dmitchel  |f 4:30:54 pm 
994 |a E0  |b TXA 
999 |a MARS 
999 f f |s 128c667f-1cea-3c3c-b47f-9f617507f99e  |i c58d4614-9898-31c6-9240-6726d39583d4  |t 0